000 00412pab a2200157 454500
008 180718b2009 xxu||||| |||| 00| 0 eng d
100 _aKohli, Renu
245 _aFinancial integration, capital controls and monetary independence
260 _c2009
300 _ap57-61.
362 _a27 Jun
650 _aFinancial administration
773 _aEconomic and Political Weekly
908 _aN
909 _a83007
999 _c83007
_d83007